000 005020000a22001930004500
001 003574
003 MACL
005 20151014130852.0
008 151014b xxu||||| |||| 00| 0 eng d
040 _aMACL
_cMACL
041 _aEnglish
082 _a920/YAT
100 _aYati, Nitya Chaitanya
_914770
245 _aNarayan Guru
_cNitya Chaitanya Yati
260 _aNew Delhi
_c2005
_bIndian Council of Social Science Research,
350 _a350
650 _aBiography
_914771
942 _k920
_cBK
_2ddc
999 _c15473
_d15473